000 00578nam a2200169Ia 4500
008 240729s9999 xx 000 0 und d
022 _a2246-2163
245 4 _aThe Copenhagen Journal of Asian Studies
260 _aDenmark
260 _bCBS Open Journals
650 _a Political institutions and public administration - Asia (Asian studies only) | Social Sciences
650 _a Social sciences and state - Asia (Asian studies only)
650 _aPolitical science
856 _uhttps://doaj.org/toc/a87d7e046a164541aa936cde1b5bcbfc
942 _2ddc
942 _cDOAJEJ
999 _c68215
_d68215
945 _a1
_bMadushi Gamage
_c1
_dMadushi Gamage